[Event "Astana Zhuldyzdary op-A"]
[Site "Astana"]
[Date "2023.07.17"]
[Round "9"]
[White "Nauryzgaliev, Amangeldy"]
[Black "Erserik, Adlet"]
[Result "0-1"]
[WhiteElo "1894"]
[BlackElo "1992"]
[PlyCount "90"]
[EventDate "2023.07.11"]
[EventType "swiss"]
[EventRounds "10"]
[EventCountry "KAZ"]
[SourceTitle "CBM 215 Extra"]
[Source "ChessBase"]
[SourceDate "2023.09.30"]
[SourceVersion "1"]
[SourceVersionDate "2023.09.30"]
[SourceQuality "1"]

1. d4 d5 2. c4 c6 3. Nf3 Nf6 4. g3 Bf5 5. Bg2 e6 6. 0-0 h6 7. b3 Nbd7 8. Bb2 Bd6 9. Nbd2 Qb8 10. Re1 Bh7 11. a3 b5 12. cxd5 cxd5 13. b4 a5 14. bxa5 Rxa5 15. Qb3 0-0 16. Bc3 Ra4 17. Bf1 Qa7 18. e3 Rxa3 19. Rxa3 Qxa3 20. Qxa3 Bxa3 21. Bxb5 Rc8 22. Ba5 Bb2 23. Nb1 g5 24. h3 Kg7 25. Nfd2 h5 26. Kf1 Rb8 27. Be2 Rc8 28. Bb5 g4 29. hxg4 hxg4 30. Ke2 Nf8 31. Bd3 Bxd3+ 32. Kxd3 N8h7 33. Bc3 Bxc3 34. Nxc3 Ng5 35. Re2 Ra8 36. Kc2 Ra1 37. Ndb1 Kg6 38. Kb2 Ra8 39. Rc2 Kf5 40. Ne2 Nh3 41. Nec3 Ne4 42. Nxe4 Kxe4 43. Nd2+ Kd3 44. Nf1 Ra2+ 45. Kxa2 Kxc2 0-1

[Event "Astana Zhuldyzdary op-A"]
[Site "Astana"]
[Date "2023.07.16"]
[Round "8"]
[White "Erserik, Adlet"]
[Black "Balmagambetov, Timur"]
[Result "0-1"]
[WhiteElo "1992"]
[BlackElo "2143"]
[PlyCount "134"]
[EventDate "2023.07.11"]
[EventType "swiss"]
[EventRounds "10"]
[EventCountry "KAZ"]
[SourceTitle "CBM 215 Extra"]
[Source "ChessBase"]
[SourceDate "2023.09.30"]
[SourceVersion "1"]
[SourceVersionDate "2023.09.30"]
[SourceQuality "1"]

1. d4 f5 2. c4 Nf6 3. g3 g6 4. Bg2 Bg7 5. Nf3 0-0 6. Nc3 d6 7. 0-0 c6 8. Rb1 a5 9. Qb3 Na6 10. Rd1 Kh8 11. c5 Ne4 12. Na4 Nc7 13. Nb6 Be6 14. Qa4 Ra7 15. Ng5 d5 16. f3 Nxg5 17. Bxg5 Bg8 18. Be3 Ne6 19. f4 g5 20. Rf1 gxf4 21. gxf4 Bf7 22. Kh1 Qe8 23. Qd1 Bf6 24. Qd2 Ng7 25. Bf2 Bh5 26. a4 Bg4 27. e3 Rg8 28. Bg3 Ne6 29. Kg1 Nf8 30. Kf2 e6 31. Ke1 Ng6 32. Qf2 Ra6 33. b4 axb4 34. Rxb4 Bd8 35. Qc2 Nh4 36. Bh1 Qh5 37. Kd2 Qe8 38. Kc3 Ng6 39. Kb3 Bf6 40. Bf3 Bxf3 41. Rxf3 Rg7 42. Rf1 Nf8 43. Qg2 Rg4 44. Qh3 Kg7 45. Bf2 h5 46. Qf3 Kh6 47. h3 Rg7 48. Qh1 Ng6 49. Rg1 Qb8 50. Qf3 Bd8 51. Rg2 Bf6 52. Rg1 Qe8 53. Ka3 Rg8 54. Rg2 Qf7 55. Rb1 Qe7 56. Kb3 Rxb6+ 57. cxb6 c5 58. Rbg1 c4+ 59. Kc2 Qa3 60. Rg5 Bxg5 61. Rxg5 Kg7 62. Qxh5 Kf7 63. Bh4 Qd3+ 64. Kc1 Qxe3+ 65. Kb1 Qe4+ 66. Ka2 Qc2+ 67. Ka1 c3 0-1

[Event "Astana Zhuldyzdary op-A"]
[Site "Astana"]
[Date "2023.07.15"]
[Round "7"]
[White "Sisabayev, Kuanysh"]
[Black "Erserik, Adlet"]
[Result "1-0"]
[WhiteElo "2235"]
[BlackElo "1992"]
[PlyCount "95"]
[EventDate "2023.07.11"]
[EventType "swiss"]
[EventRounds "10"]
[EventCountry "KAZ"]
[SourceTitle "CBM 215 Extra"]
[Source "ChessBase"]
[SourceDate "2023.09.30"]
[SourceVersion "1"]
[SourceVersionDate "2023.09.30"]
[SourceQuality "1"]

1. e4 c5 2. Nf3 e6 3. b3 d5 4. exd5 exd5 5. Bb5+ Bd7 6. Bxd7+ Nxd7 7. 0-0 Ngf6 8. Re1+ Be7 9. Qe2 Rc8 10. Bb2 Rc6 11. Na3 a6 12. c4 d4 13. d3 Re6 14. Qd2 Rxe1+ 15. Rxe1 0-0 16. Nc2 Bd6 17. b4 b6 18. a4 a5 19. b5 Re8 20. h3 h6 21. Bc1 Rxe1+ 22. Ncxe1 Qe7 23. Kf1 Qe6 24. Qd1 Kh7 25. Nd2 g6 26. Qf3 g5 27. Qc6 Qe7 28. Nef3 Nh5 29. Ne4 Be5 30. g4 Ng7 31. h4 f6 32. hxg5 hxg5 33. Bxg5 fxg5 34. Nexg5+ Kg8 35. Qd5+ Kf8 36. Nh7+ Ke8 37. Qg8+ Nf8 38. Nxf8 Qxf8 39. Qxf8+ Kxf8 40. Nxe5 Ke7 41. Kg2 Kd6 42. f4 Ke6 43. Kf3 Ne8 44. Nc6 Nd6 45. f5+ Kf7 46. Kf4 Kf6 47. g5+ Kg7 48. Ne5 1-0

[Event "Astana Zhuldyzdary op-A"]
[Site "Astana"]
[Date "2023.07.13"]
[Round "4"]
[White "Erserik, Adlet"]
[Black "Suyarov, Mukhammadzokhid"]
[Result "0-1"]
[WhiteElo "1992"]
[BlackElo "2366"]
[PlyCount "66"]
[EventDate "2023.07.11"]
[EventType "swiss"]
[EventRounds "10"]
[EventCountry "KAZ"]
[SourceTitle "CBM 215 Extra"]
[Source "ChessBase"]
[SourceDate "2023.09.30"]
[SourceVersion "1"]
[SourceVersionDate "2023.09.30"]
[SourceQuality "1"]

1. d4 Nf6 2. Bf4 e6 3. e3 d5 4. Nd2 c5 5. c3 Nc6 6. Ngf3 Be7 7. Ne5 Qb6 8. Rb1 Nd7 9. Bd3 Ndxe5 10. dxe5 Bd7 11. Qh5 0-0-0 12. Qxf7 g5 13. Bg3 h5 14. h3 Rdf8 15. Qg7 Be8 16. Bh7 h4 17. Bh2 Qa6 18. f4 d4 19. Nf3 dxe3 20. fxg5 Bh5 21. Bf4 Bxf3 22. gxf3 Rxh7 23. Qxh7 Rxf4 24. Rd1 Kc7 25. Rg1 Rxf3 26. Qd3 Qxd3 27. Rxd3 Nxe5 28. Ke2 Rf2+ 29. Kxe3 Nxd3 30. g6 c4 31. Rg4 Bc5+ 32. Ke4 Rf5 33. g7 Nf2# 0-1

[Event "Kostanay Ufimtsev Memorial"]
[Site "Kostanay"]
[Date "2014.06.12"]
[Round "9"]
[White "Kasachev, Yuriy"]
[Black "Erserik, Adlet"]
[Result "0-1"]
[WhiteElo "1707"]
[BlackElo "1886"]
[PlyCount "58"]
[EventDate "2014.06.04"]
[EventType "swiss"]
[EventRounds "9"]
[EventCountry "KAZ"]
[SourceTitle "EXT 2018"]
[Source "ChessBase"]
[SourceDate "2017.10.13"]
[SourceVersion "1"]
[SourceVersionDate "2017.10.13"]
[SourceQuality "1"]

1. b4 Nf6 2. Bb2 e6 3. b5 a6 4. c4 c6 5. a4 axb5 6. axb5 Rxa1 7. Bxa1 cxb5 8. cxb5 Be7 9. Nf3 Qa5 10. Nc3 0-0 11. e3 d6 12. Be2 e5 13. h3 h6 14. 0-0 Be6 15. Qc2 Rc8 16. Qb1 Nbd7 17. Qb2 Bc4 18. Bxc4 Rxc4 19. Rb1 d5 20. d4 e4 21. Nd2 Rc8 22. Qb3 Nb6 23. Bb2 Qb4 24. Ra1 Qxb3 25. Nxb3 Nc4 26. Nd1 b6 27. Kf1 Bd6 28. Ke2 Nxb2 29. Nxb2 Rc2+ 0-1

[Event "Kostanay Ufimtsev Memorial"]
[Site "Kostanay"]
[Date "2014.06.09"]
[Round "6"]
[White "Kvan, Andrey"]
[Black "Erserik, Adlet"]
[Result "1-0"]
[WhiteElo "2074"]
[BlackElo "1886"]
[PlyCount "62"]
[EventDate "2014.06.04"]
[EventType "swiss"]
[EventRounds "9"]
[EventCountry "KAZ"]
[SourceTitle "EXT 2018"]
[Source "ChessBase"]
[SourceDate "2017.10.13"]
[SourceVersion "1"]
[SourceVersionDate "2017.10.13"]
[SourceQuality "1"]

1. a3 a5 2. d4 Nf6 3. c4 e6 4. Nc3 d5 5. Bg5 Be7 6. cxd5 exd5 7. Nf3 0-0 8. e3 Be6 9. Be2 Nbd7 10. 0-0 c5 11. dxc5 Nxc5 12. Rc1 Rc8 13. Nb5 Qb6 14. Bf4 Na6 15. Qd3 Rc4 16. Nfd4 Rfc8 17. Qb1 Rxc1 18. Rxc1 Rc5 19. Nxe6 fxe6 20. Rxc5 Qxc5 21. Nd4 Kf7 22. g4 g6 23. Qf1 Nd7 24. Bxa6 bxa6 25. Qxa6 Qb6 26. Qc8 Nf8 27. Nc6 Qxb2 28. Ne5+ Kg7 29. Qe8 Qxa3 30. Qf7+ Kh8 31. Kg2 Bd6 1-0

[Event "Kostanay Ufimtsev Memorial"]
[Site "Kostanay"]
[Date "2014.06.08"]
[Round "5"]
[White "Assaubayeva, Diana"]
[Black "Erserik, Adlet"]
[Result "1/2-1/2"]
[WhiteElo "1962"]
[BlackElo "1886"]
[PlyCount "101"]
[EventDate "2014.06.04"]
[EventType "swiss"]
[EventRounds "9"]
[EventCountry "KAZ"]
[SourceTitle "EXT 2018"]
[Source "ChessBase"]
[SourceDate "2017.10.13"]
[SourceVersion "1"]
[SourceVersionDate "2017.10.13"]
[SourceQuality "1"]

1. c4 e6 2. g3 d5 3. Bg2 Nf6 4. Nf3 Be7 5. 0-0 0-0 6. b3 d4 7. d3 Nc6 8. a3 a5 9. Qc2 h6 10. Nbd2 e5 11. Rb1 Be6 12. Bb2 Bc5 13. Ne4 Nxe4 14. dxe4 Qe7 15. Ra1 Bg4 16. Ne1 b6 17. Nd3 Rab8 18. Rfc1 f6 19. h3 Bh5 20. g4 Bf7 21. Bf3 g5 22. Kg2 Kg7 23. Qd2 Rh8 24. a4 h5 25. Rh1 Rh6 26. Rag1 Rbh8 27. Qc1 Bg6 28. Kf1 Kf8 29. Qd2 hxg4 30. hxg4 Rxh1 31. Rxh1 Rxh1+ 32. Bxh1 Qh7 33. Bg2 Bxe4 34. Nxc5 Bxg2+ 35. Kxg2 bxc5 36. f3 Nb4 37. e4 Qd7 38. Kg3 Kg7 39. Kg2 Qc6 40. Ba3 Qb7 41. Bxb4 cxb4 42. Qd3 Qb8 43. Qe2 Qh8 44. Qd1 Qh4 45. Qe2 Kf7 46. Qd1 Ke6 47. Qe2 Kd7 48. Qd1 Kc6 49. Qe2 Kc5 50. Qd1 c6 51. Qe2 1/2-1/2